| 000 | 00394 a2200169 4500 | ||
|---|---|---|---|
| 001 | 189157 | ||
| 020 | _a978-85-6-06234-7 | ||
| 040 | _cMagnum | ||
| 100 | _aBarros, Sônia | ||
| 240 | 1 | 0 |
_aO segredo da xícara cor de nuvem _lpor |
| 245 | 1 | 0 | _aO segredo da xícara cor de nuvem |
| 300 | _a55 | ||
| 362 | 0 | _a2009 | |
| 440 | 1 | _aModerna | |
| 697 | _aLITERATURA INFANTO-JUVENIL | ||
| 942 | _cBK | ||
| 999 |
_c189157 _d189157 |
||